00345nam a2200145Ia 4500008004100000041000800041082001900049100002100068245003700089260002000126300001700146365001000163650001300173650001300186210719s1969 xx 000 0 und d akan a294.5513K MALV aMALLAPPA (Ti En) aVirashaivada ugama mattu pragati aBengaluruc1969 axxvi,234bPB b5cRs aHinduism aReligion